000 00253nam a2200097Ia 4500
008 230915s9999 xx 000 0 und d
050 _aSB 98 .L63 2014
100 _aFINCH,H.J.S.
245 0 _aLOCKHART & WISEMMAN'S CROP HUSBANDRY GRASSLAND
942 _cBK
999 _c201671
_d201671